00752nam a2200205 a 450000100100000000500170001000800410002702000150006804000250008308200130010810000340012124500990015526000610025430000210031550400280033670000390036404900090040395201170041299900170052900002434520200930022930.0110126s1977 ag r 001 0 spa d a031146064x aDO-SdBNPbspacBNPHU ann*bnn*1 aDeiros, Pablo Alberto.94794113aEl cristianismo y los problemas éticos /cPablo Alberto Deiros ; prólogo Cecilio Thompson. a[Buenos Aires] :bCasa Bautista de Publicaciones,c1977. a111 p. ;c21 cm. aBibliografía : 111 p.1 aThompson, Cecilio,epról.949930 aBNGR 001054708MOaGRbGRcCTd2011-01-26iLF1l0onn* nn*p24345-10r2020-06-25w2020-06-25y4ZPréstamo en sala c23838d23838